01430 2200397 4500001002100000005001500021035002000036007000300056008004100059020002200100082001400122084001600136100003600152245023800188250003500426300004800461650001300509700002300522700004400545700003500589700003800624700003200662700003300694700002900727700003600756264003200792336002100824337003000845338002300875040002200898090002200920850001200942504003400954999002200988990002201010INLIS00000000087975120230705110138 a0010-0723000122ta230705 2022 a g ind  a978-623-02-5788-904223a658.5 a658.5 KUN l0 aKuncoro Harto WidodoePengarang10aLogistik Indonesia :bteori, kebijakan, dan praktik /cKuncoro Harto Widodo, Dewanti, Mukhammad Rizka Fahmi Amrozi, Joewono Soemardjito, Dwi Ardianta Kurniawan, Iwan Puja Riyadi, Hendra Edi Gunawa, Hafid Lastito, Jan Prabowo Harmanto aCetakan pertama, Desember 2022 axxii, 171 halaman :bgambar, tabel ;c23 cm 4aLogistik0 aDewantiePengarang0 aMukhammad Rizka Fahmi AmroziePengarang0 aJoewono SoemardjitoePengarang0 aDwi Ardianta KurniawanePengarang0 aIwan Puja RiyadiePengarang0 aHendra Edi GunawaePengarang0 aHafid LastitoePengarang0 aJan Prabowo HarmantoePengarang31aSleman :bDeepublish,c2022 2rdacontentateks 2rdamediaatanpa perantara 2rdacarrieravolume aYOPDYOGbindcrda aCB-D.11 2022-3765 aYOPDYOG aBibliografi : halaman 160-166 aCB-D.11/2022-3765 aCB-D.11/2022-3765